=LDR 00000nam 2200000 4500 =001 NUTBA000000000003474 =005 20140820095559.0 =006 =007 =008 =020 ##$$a 979- 28- 0536- 9 =035 ##$$a 0010-081400000000319 =040 ##$$a NBPDMAT =090 ##$$a 372.7 $b Mia m =100 ##$$a Mianto =245 ##$$a Mengukur bangunan datar lingkungan/ Mianto; edditor, Rina Dyah R. =260 ##$$a Klaten : $b Intan Pariwara, $c 2008 =300 ##$$a iv, 52 hlm. : $b ilus. ; $c 24 cm. =500 ##$$a Bibliografi : hlm. 52 =650 ##$$a Matematika SD - Lingkaran =700 ##$$a Rina Dyah R =850 ##$$a NBPDMAT =990 ##$$a 21404772